Statistics for Baseball Pitches

Click here to take the quiz!

General Stats

  • This quiz has been taken 1,220 times
    (605 since last reset)
  • The average score is 7 of 13

Answer Stats

DescriptionAvg. Velocity (MPH)Typical MovementAnswer% Correct
Slower pitch that tricks batters by sharply dropping
before reaching the plate.
~78downward or diagonal gloveside breakCurveball
88%
Breaking pitch that moves diagonally
towards the pitcher's gloveside.
~84diagonal gloveside breakSlider
84%
Travels in a straight line but is hard to hit due to its speed.
Most commonly thrown pitch in baseball.
~95straight4-Seam Fastball
77%
Rare pitch characterized by highly unpredictable movement
due to very low spin.
~70unpredictableKnuckleball
68%
Appears to the batter as a fastball but travels ~10mph slower.
Meant to deceive the batter into swinging too early.
~85straightChangeup
66%
Deceives batters with slight armside movement,
while still traveling at high speed.
~92slight armside2-Seam Fastball
61%
Deceives batters with slight gloveside movement,
while still traveling at high speed.
~88slight glovesideCutter
47%
Deceives batters by dropping downward
while still traveling at high speed.
~92downward breakSinker
44%
Slowest pitch. Meant to mess with a hitters timing.
Very rarely thrown.
<60high arcEephus
39%
Offspeed pitch that travels straight initially but then breaks downward before reaching the plate~86downward breakSplitter
39%
Breaking pitch that unusually breaks towards the pitcher's armside. Formerly common but now rarely pitched in modern baseball.~78diagonal armside breakScrewball
36%
Breaking pitch that moves horizontally towards the pitcher's gloveside. Previously considered a variation of the above pitch.~80horizontal gloveside breakSweeper
26%
Rare breaking pitch with a severe vertical drop created
by snapping the wrist when releasing the ball.
~80extreme downward breakForkball
20%

Score Distribution

Percentile by Number Answered

Percent of People with Each Score

Your Score History

You have not taken this quiz since the last reset